Libro de Oro : (Record no. 12861)

000 -CABECERA
fixed length control field 00840nam a22002177a 4500
003 - IDENTIFICADOR DEL NÚMERO DE CONTROL
control field AR-CdUCM
008 - DATOS DE LONGITUD FIJA--INFORMACIÓN GENERAL
fixed length control field 190410b ||||| |||| 00| 0 spa d
040 ## - FUENTE DE LA CATALOGACIÓN
Agencia/entidad que catalogó originalmente la obra MUNICIPALIDAD PROVINCIAL DEL CUSCO
Entidad que transcribió la catalogación BIBLIOTECA MUNICIPAL DEL CUSCO
082 ## - NÚMERO DE LA CLASIFICACIÓN DECIMAL DEWEY
No. de Clasificación 376.5109 /
Notacion interna U42L
100 ## - ENTRADA PRINCIPAL--NOMBRE DE PERSONA
Nombre Personal Concha Pérez, Mauro de la Comisión Central del Tricentenario
245 ## - MENCIÓN DE TÍTULO
Título Libro de Oro :
Resto del título Tricentenario 1692-1992 /
Mención de responsabilidad Mauro de la Comisión Central del Tricentenario Concha Pérez UNIVERSIDAD NACIONAL SAN ANTONIO ABAD DEL CUSCO.
260 ## - PUBLICACIÓN, DISTRIBUCIÓN, ETC.
Lugar de publicación, distribución, etc. Cusco :
Nombre de la editorial, distribuidor, etc. Editorial Universitaria,
Fecha de publicación, distribución, etc. 1993.
300 ## - DESCRIPCIÓN FÍSICA
Nº de Páginas Extensión 296 páginas ;
Otros detalles físicos Fotografías.
Dimensiones 20.
505 ## - NOTA DE CONTENIDO CON FORMATO
Nota de contenido formateada Contenido: lIbro de oro Unsaac.
650 ## - PUNTO DE ACCESO ADICIONAL DE MATERIA--TÉRMINO DE MATERIA
Descriptor Unsaac
9 (RLIN) 8726
650 ## - PUNTO DE ACCESO ADICIONAL DE MATERIA--TÉRMINO DE MATERIA
Descriptor Cusco
9 (RLIN) 772
650 ## - PUNTO DE ACCESO ADICIONAL DE MATERIA--TÉRMINO DE MATERIA
Descriptor Tricentenario
9 (RLIN) 30953
710 ## - PUNTO DE ACCESO ADICIONAL--NOMBRE DE ENTIDAD CORPORATIVA
Nombre corporativo (En letras Mayúsculas) Unsaac
9 (RLIN) 6777
942 ## - ELEMENTOS DE PUNTO DE ACCESO ADICIONAL (KOHA)
Fuente de clasificación
Tipo de item Libros-BMC
945 ## - PROCESAMIENTO DE INFORMACIÓN LOCAL (OCLC)
Catalogador davv
AAAA-MM-DD - Fecha de ingreso o modificacion 10/04/2019
Holdings
Estado de retiro (separado) Fuente de clasificación o esquema de estanterías Estado dañado Ubicación Sala donde se ubica Nombre de la colección Fecha de adquisición o compra Costo, precio normal en soles Signatura topográfica Código de Barras Última vez visto (Koha) Tipo de ítem (Koha)
No     Sala Humanidades Sala Humanidades Book Cart 2019-04-10 70.00 376.5109 / U42L SH0000010416 2019-04-10 Libros-BMC

Powered by Koha